In the land of the pharaohs : a short history of Egypt from the fall of Ismail to the assassination of Boutros Pasha /
Saved in:
Main Author:
Format: Book
Language: English
Published:
London :
Stanley Paul,
1911.
Subjects:
Tags: Add Tag
No Tags, Be the first to tag this record!
Call Number: DT107 .D8 1911
| LEADER | 00956nam a22002657a 4500 | ||
|---|---|---|---|
| 003 | OSt | ||
| 005 | 20260405111055.0 | ||
| 008 | 260405t1911 enkacf g b 001 0 eng d | ||
| 010 | |a 12036892 | ||
| 040 | |c ARCE Library | ||
| 043 | |a f-ua--- | ||
| 050 | 1 | 4 | |a DT107 |b .D8 1911 |
| 100 | 1 | |6 880-01 |a Duse Mohamed, |d 1866-1945. |e author |9 29343 | |
| 245 | 1 | 0 | |a In the land of the pharaohs : |b a short history of Egypt from the fall of Ismail to the assassination of Boutros Pasha / |c by Duse Mohamed. |
| 264 | 1 | |a London : |b Stanley Paul, |c 1911. | |
| 300 | |a xii, 380 pages : |b illustrations, plates, portraits ; |c 23 cm. | ||
| 336 | |a text |b txt |2 rdacontent | ||
| 337 | |a unmediated |b n |2 rdamedia | ||
| 338 | |a volume |b nc |2 rdacarrier | ||
| 504 | |a Includes bibliographical footnotes and index. | ||
| 651 | 0 | |a Egypt |x History |y Tawfīq, 1879-1892. | |
| 651 | 0 | |a Egypt |x History |y British occupation, 1882-1936. | |
| 901 | |a reviewed | ||
| 942 | |c BK |2 lcc | ||
| 999 | |c 19204 |d 19204 | ||
